Alle Städte und Gemeinden im Kreis Lippe - Statistiken

Allgemein
  • Dieses Quiz wurde 166 mal gespielt
  • Das Durchschnittsergebnis liegt bei 8 aus 16
Antwortstatistiken
Einwohner Name der Stadt % Korrekt
74.229 Detmold
96%
39.895 Lemgo
89%
34.936 Lage
78%
54.108 Bad Salzuflen
76%
15.562 Blomberg
55%
9883 Augustdorf
51%
17.228 Oerlinghausen
47%
9290 Schlangen
45%
8302 Barntrup
44%
11.353 Extertal
40%
17.375 Horn-Bad Meinberg
40%
17.204 Leopoldshöhe
40%
8124 Schieder-Schwalenberg
40%
13.330 Kalletal
33%
9294 Lügde
29%
7500 Dörentrup
25%
Keine übereinstimmenden Quizze gefunden
Verteilung der Resultate
Anzahl Personen mit jedem Resultat
Perzentil nach korrekt beantworteten Fragen
Ihre Resultats-Entwicklung
Sie haben dieses Quiz noch nicht gespielt